Shade2Green (Record no. 80139)

MARC details
000 -LEADER
fixed length control field 00956cab a22001935a 4500
001 - CONTROL NUMBER
control field L143322
008 - FIXED-LENGTH DATA ELEMENTS--GENERAL INFORMATION
fixed length control field 080425s2008 xxka f 000 0 eng d
035 ## - SYSTEM CONTROL NUMBER
System control number (Sirsi) u143322
041 0# - LANGUAGE CODE
Language code of text/sound track or separate title eng
100 1# - MAIN ENTRY--PERSONAL NAME
Personal name Bunn, Roderic
245 00 - TITLE STATEMENT
Title Shade2Green
260 ## - PUBLICATION, DISTRIBUTION, ETC.
Date of publication, distribution, etc. 2008
490 #0 - SERIES STATEMENT
Series statement Building Services Journal
Volume/sequential designation 30(4) April 2008, 35-42(8)
520 ## - SUMMARY, ETC.
Summary, etc. Assesses the achievements of CH2, an office block in Melbourne, Australia, which aims to be the world's greenest office building. Discusses Australia's determination to change its bad record on the environment, since Kevin Rudd became Prime Minister in 2007. Covers: design issues; energy systems; in-use performance; assessment. Includes graphs showing the operation of the phase-change tanks on a warm April day and night-purge cycle for a typical 24-hour period in April warm weather.
590 ## - LOCAL NOTE (RLIN)
Local note KA
651 #4 - SUBJECT ADDED ENTRY--GEOGRAPHIC NAME
Geographic name Australia
690 ## - LOCAL SUBJECT ADDED ENTRY--TOPICAL TERM (OCLC, RLIN)
Topical term or geographic name as entry element BUILT ENVIRONMENT-SUSTAINABLE CONSTRUCTION
942 ## - ADDED ENTRY ELEMENTS (KOHA)
Suppress in OPAC 0
Holdings
Withdrawn status Lost status Source of classification or shelving scheme Damaged status Not for loan Home library Current library Shelving location Date acquired Total Checkouts Full call number Barcode Date last seen Copy number Price effective from Koha item type
    Dewey Decimal Classification     London London Journal article 25/04/2008   L143322 143322-1001 06/08/2019 1 06/08/2019 Journal article